Alle Städte und Gemeinden im Saarland - Statistiken

Allgemein
  • Dieses Quiz wurde 116 mal gespielt
  • Das Durchschnittsergebnis liegt bei 19 aus 52
Antwortstatistiken
Landkreis Antwort % Korrekt
Neunkirchen Neunkirchen
94%
Merzig-Wadern Merzig
93%
Saarbrücken Saarbrücken
93%
Saarpfalz Homburg
90%
Saarlouis Saarlouis
90%
Merzig-Wadern Wadern
85%
St. Wendel St.Wendel
84%
Saarbrücken Völklingen
77%
Saarpfalz St.Ingbert
72%
Saarlouis Dillingen
54%
Saarpfalz Blieskastel
49%
Saarlouis Lebach
43%
Neunkirchen Ottweiler
43%
Saarpfalz Bexbach
40%
Saarbrücken Püttlingen
37%
Neunkirchen Illingen
36%
Merzig-Wadern Perl
36%
Saarbrücken Sulzbach
35%
St. Wendel Tholey
33%
Saarlouis Saarwellingen
32%
Merzig-Wadern Losheim am See
31%
Saarbrücken Riegelsberg
30%
Saarbrücken Heusweiler
28%
Merzig-Wadern Mettlach
27%
Saarlouis Schmelz
27%
Neunkirchen Spiesen-Elversberg
26%
Saarlouis Bous
25%
Neunkirchen Eppelborn
25%
Saarbrücken Friedrichsthal
25%
Saarpfalz Kirkel
25%
Saarpfalz Mandelbachtal
25%
St. Wendel Nonnweiler
25%
Merzig-Wadern Beckingen
23%
Saarlouis Ensdorf
23%
St. Wendel Marpingen
23%
Saarlouis Wadgassen
23%
St.Wendel Freisen
21%
Saarbrücken Kleinblittersdorf
21%
Saarbrücken Quierschied
21%
Saarlouis Rehlingen-Siersburg
21%
Neunkirchen Schiffweiler
21%
Saarlouis Überherrn
21%
St. Wendel Nohfelden
20%
Saarbrücken Großrosseln
19%
St. Wendel Oberthal
19%
Saarlouis Wallerfangen
19%
Saarpfalz Gersheim
17%
Merzig-Wadern Weiskirchen
17%
Saarlouis Nalbach
16%
Saarlouis Schwalbach
16%
Neunkirchen Merchweiler
15%
St. Wendel Namborn
15%
Keine übereinstimmenden Quizze gefunden
Verteilung der Resultate
Anzahl Personen mit jedem Resultat
Perzentil nach korrekt beantworteten Fragen
Ihre Resultats-Entwicklung
Sie haben dieses Quiz noch nicht gespielt